Tableau des médailles olympiques - Pentathlon moderne - Statistiques

Statistiques générales
  • Ce quiz a été pris 16 fois
  • Le résultat moyen est 11 sur 16
Statistiques - réponses
Total Or Argent Bronze Pays % Correct
3 0 1 2 France
100%
3 2 0 1 Allemagne
93%
9 0 6 3 États-Unis
93%
4 3 0 1 Pologne
80%
5 4 1 0 Russie
80%
2 0 1 1 Équipe unifiée de l'ex-URSS
73%
7 2 2 3 Italie
73%
21 9 7 5 Suède
73%
15 5 5 5 Union soviétique
73%
2 1 0 1 Tchéquie
67%
5 0 1 4 Finlande
60%
9 4 2 3 Grande-Bretagne
60%
23 9 8 6 Hongrie
60%
5 1 3 1 Lituanie
53%
2 0 1 1 Tchécoslovaquie
53%
2 0 1 1 Ukraine
53%
Aucun quiz correspondant
Distribution des résultats
% des personnes avec chaque résultat
Percentile par nombre de réponses
Votre historique - résultats
Vous n’avez pas pris ce quiz